000 00796nam a2200217Ii 4500
003 JO-AjNU
008 230605s9999||||xx |||||||||||||| ||und||
017 _a2006/8/2237
040 _aJO-AjNU
_bara
_erda
_cJO-AjNU
041 _aara
050 1 4 _aKMU350.8.2006
100 3 _a مدغمش ، جمال عبد الغني ,
_eauthor
_921531
245 0 0 _aجرائم الذم والقدح والتحقير في التطبيقات الادارية
250 _a(د،ط)
264 3 1 _aعمان : جمال عبد الغني مدغمش ، 2006
300 _a95ص
336 _atext
_btxt
_2rdacontent
337 _aunmediated
_bn
_2rdamedia
338 _avolume
_bnc
_2rdacarrier
650 4 _aالقذف والتشهير - القانون الجنائي - الجرائم ضد الاشخاص
_921532
999 _aA7494
_c11062
_d11062